[Event "Plzen, FSB A"]
[Site "?"]
[Date "2000.??.??"]
[Round "9"]
[White "Grosse_Honebrink, B."]
[Black "Horyna, J."]
[Result "0-1"]
[WhiteElo "2005"]
[BlackElo "1885"]
[PlyCount "124"]
[EventDate "2000.??.??"]
[Source "ChessBase"]
[SourceDate "1996.11.15"]

1. d4 Nf6 2. Nf3 g6 3. Bf4 d6 4. e3 Bg7 5. Be2 O-O 6. h3 c5 7. O-O cxd4 8. exd4
Nd5 9. Bc1 Qc7 10. c3 Nc6 11. Qb3 Nf6 12. Nbd2 Bf5 13. Qd1 Rac8 14. Nc4 Bd7 15.
Bf4 Nd5 16. Bg5 h6 17. Bd2 Kh7 18. Re1 Rfe8 19. Bf1 b5 20. Ne3 Nxe3 21. Bxe3
Na5 22. Nd2 a6 23. Qf3 Kg8 24. Qg3 e5 25. dxe5 dxe5 26. f3 Be6 27. Qh4 Qe7 28.
Qf2 Nc4 29. Nxc4 Bxc4 30. Bxc4 Rxc4 31. Qe2 Rcc8 32. Rad1 Red8 33. a4 Qb7 34.
axb5 Qxb5 35. Qxb5 axb5 36. Bb6 Rxd1 37. Rxd1 Rb8 38. Bc5 Rb7 39. Kf1 f6 40.
Ke2 Kf7 41. Rd8 h5 42. Kd3 f5 43. g4 hxg4 44. hxg4 Bf6 45. Rd5 Ke6 46. Rd6+ Kf7
47. gxf5 gxf5 48. b4 Be7 49. Rb6 Rxb6 50. Bxb6 Ke6 51. Be3 Kd5 52. Bf2 Bg5 53.
Bb6 Bf6 54. Bf2 e4+ 55. fxe4+ fxe4+ 56. Kc2 Kc4 57. Be1 e3 58. Kb2 Bg7 59. Kc2
Be5 60. Kb2 Bh2 61. Kc2 Bg1 62. Bh4 Bf2 0-1

[Event "Plzen, FSB A"]
[Site "?"]
[Date "2000.??.??"]
[Round "9"]
[White "Janke, G."]
[Black "Gritsch, C."]
[Result "1/2-1/2"]
[WhiteElo "1820"]
[BlackElo "2155"]
[PlyCount "36"]
[EventDate "2000.??.??"]
[Source "ChessBase"]
[SourceDate "1996.11.15"]

1. d4 d5 2. Nf3 Nf6 3. Bf4 c6 4. Nbd2 Bf5 5. e3 Nbd7 6. Nh4 Bg4 7. Nhf3 Nh5 8.
Bg3 Nxg3 9. hxg3 e5 10. dxe5 Nxe5 11. Be2 Qc7 12. Nxe5 Bxe2 13. Qxe2 Qxe5 14.
O-O-O g6 15. Nf3 Qe7 16. Qd3 O-O-O 17. Qd4 f6 18. Qxa7 Qc5 1/2-1/2

[Event "Plzen, FSB A"]
[Site "?"]
[Date "2000.??.??"]
[Round "9"]
[White "Haller, M."]
[Black "Sladek, J."]
[Result "1-0"]
[WhiteElo "1910"]
[BlackElo "2125"]
[PlyCount "80"]
[EventDate "2000.??.??"]
[Source "ChessBase"]
[SourceDate "1996.11.15"]

1. Nf3 d6 2. d4 Nd7 3. c4 e5 4. Nc3 c6 5. b3 g6 6. Bb2 Bg7 7. e3 Ne7 8. Be2 O-O
9. O-O h6 10. b4 f5 11. a4 e4 12. Nd2 d5 13. Qb3 Nf6 14. a5 Be6 15. a6 b6 16.
b5 Kh7 17. bxc6 Nxc6 18. Nb5 Na5 19. Qb4 Rf7 20. Rfc1 Bf8 21. Qa4 Qb8 22. Bc3
f4 23. Bxa5 fxe3 24. fxe3 bxa5 25. c5 Bg4 26. Qd1 h5 27. Rab1 Qd8 28. h3 Bh6
29. Nf1 Bxe2 30. Qxe2 Ne8 31. Nc3 Nc7 32. Rb7 Qg5 33. Nb5 Rc8 34. Nd6 Rxf1+ 35.
Rxf1 Qg3 36. Nxc8 Qxe3+ 37. Kh1 Bf4 38. Rxf4 Qxf4 39. Nd6 Qc1+ 40. Kh2 Qf4+ 1-0

[Event "Plzen, FSB A"]
[Site "?"]
[Date "2000.??.??"]
[Round "9"]
[White "Rerabkova, L."]
[Black "Kalista, K."]
[Result "1-0"]
[WhiteElo "2015"]
[BlackElo "1860"]
[PlyCount "87"]
[EventDate "2000.??.??"]
[Source "ChessBase"]
[SourceDate "1996.11.15"]

1. e4 g6 2. d4 Bg7 3. Nc3 c6 4. Nf3 d5 5. h3 Nf6 6. Bd3 O-O 7. O-O Be6 8. Re1
dxe4 9. Nxe4 Bd5 10. Nxf6+ Bxf6 11. Bh6 Re8 12. c3 Nd7 13. Bf4 c5 14. dxc5 Nxc5
15. Bb5 Rf8 16. Bh6 Bxf3 17. Qxf3 Bg7 18. Bxg7 Kxg7 19. Rad1 Qb6 20. Qe2 e6 21.
b4 Ne4 22. Qxe4 Qxb5 23. Qd4+ Kg8 24. Qd7 a6 25. a4 Qxd7 26. Rxd7 Rfc8 27. Rxb7
Rxc3 28. Rd1 Rc4 29. Rdd7 Rf4 30. g3 Rf5 31. Ra7 Rc8 32. Rd2 Rc6 33. Rb2 Rb6
34. a5 Rxa5 35. bxa5 Rxb2 36. Rxa6 Ra2 37. Ra8+ Kg7 38. a6 h5 39. h4 Kf6 40. a7
Kf5 41. Kg2 Kg4 42. Rc8 Rxa7 43. Rc5 e5 44. Rxe5 1-0

[Event "Plzen, FSB A"]
[Site "?"]
[Date "2000.??.??"]
[Round "9"]
[White "Dvorak, M."]
[Black "Barton, J."]
[Result "0-1"]
[WhiteElo "1800"]
[BlackElo "1940"]
[PlyCount "132"]
[EventDate "2000.??.??"]
[Source "ChessBase"]
[SourceDate "1996.11.15"]

1. e4 d5 2. exd5 Nf6 3. Bc4 Nxd5 4. Qf3 c6 5. Nc3 e6 6. Nge2 Nd7 7. d4 Bd6 8.
Ne4 N7f6 9. Nxd6+ Qxd6 10. c3 O-O 11. O-O e5 12. dxe5 Qxe5 13. Qg3 Re8 14. Qxe5
Rxe5 15. Nd4 Bg4 16. h3 Bd7 17. Nf3 Re4 18. Bd3 Re7 19. Re1 Rxe1+ 20. Nxe1 Re8
21. Nf3 h6 22. a3 Ne4 23. c4 Nc5 24. Bc2 Nb6 25. Be3 Ne4 26. Bxb6 axb6 27. Bxe4
Rxe4 28. Rd1 Re7 29. Re1 Kf8 30. Rxe7 Kxe7 31. Kf1 Kd6 32. Ke2 f5 33. h4 c5 34.
Ke3 Bc6 35. Ne1 g5 36. hxg5 hxg5 37. g3 Be4 38. f3 Bb1 39. Ng2 Ba2 40. Kd3 Bb1+
41. Ke3 Kc6 42. Kd2 b5 43. cxb5+ Kxb5 44. Kc3 Ka4 45. Ne3 b5 46. Nd5 Ba2 47.
Nb6+ Ka5 48. Nd7 b4+ 49. axb4+ cxb4+ 50. Kd4 g4 51. f4 Kb5 52. Nc5 Bb1 53. Nb3
Bc2 54. Nd2 Bd1 55. Kd5 Be2 56. Ke5 Bd3 57. Kd4 Be2 58. Nb3 Bd1 59. Nc1 Bc2 60.
Ke5 Kc4 61. Ke6 Kd4 62. Kf6 Ke3 63. Kg5 b3 64. Kf6 Kf3 65. Kg5 Kxg3 66. Ne2+
Kf2 0-1

[Event "Plzen, FSB A"]
[Site "?"]
[Date "2000.??.??"]
[Round "9"]
[White "Kafka, L."]
[Black "Zeleny, T."]
[Result "1-0"]
[WhiteElo "1925"]
[BlackElo "1785"]
[PlyCount "65"]
[EventDate "2000.??.??"]
[Source "ChessBase"]
[SourceDate "1996.11.15"]

1. e4 c5 2. Nf3 Nc6 3. d4 cxd4 4. Nxd4 g6 5. c4 Nf6 6. Nc3 d6 7. Be2 Nxd4 8.
Qxd4 Bg7 9. O-O O-O 10. Qd3 Be6 11. Be3 Qa5 12. Rac1 Rfc8 13. b3 Nd7 14. Bd4
Ne5 15. Qe3 Rc6 16. f4 Ng4 17. Bxg4 Bxd4 18. Qxd4 Bxg4 19. f5 b5 20. h3 Be2 21.
Nxe2 Qxa2 22. Qd3 bxc4 23. Rxc4 Rac8 24. Rfc1 Qa6 25. Kh2 e6 26. f6 h6 27. Qe3
g5 28. Rxc6 Rxc6 29. Nd4 Rb6 30. Rc7 Rb8 31. Qc3 Qf1 32. Nf3 Qb5 33. Rxa7 1-0

[Event "Plzen, FSB A"]
[Site "?"]
[Date "2000.??.??"]
[Round "9"]
[White "Hampek, M."]
[Black "Hercik, J."]
[Result "1-0"]
[WhiteElo "1835"]
[BlackElo "1950"]
[PlyCount "37"]
[EventDate "2000.??.??"]
[Source "ChessBase"]
[SourceDate "1996.11.15"]

1. d4 f5 2. e4 fxe4 3. Nc3 Nf6 4. f3 exf3 5. Nxf3 e6 6. Bd3 Bb4 7. O-O Bxc3 8.
bxc3 O-O 9. Bg5 Nc6 10. Ne5 Qe8 11. Ng4 Nxg4 12. Qxg4 Ne7 13. Bxe7 Qxe7 14. Qh5
Rxf1+ 15. Rxf1 g5 16. Bxh7+ Qxh7 17. Qe8+ Kg7 18. Qe7+ Kh8 19. Qf8+ 1-0

[Event "Plzen, FSB A"]
[Site "?"]
[Date "2000.??.??"]
[Round "9"]
[White "Barton, O."]
[Black "Geiger, L."]
[Result "1-0"]
[WhiteElo "1940"]
[BlackElo "1900"]
[PlyCount "59"]
[EventDate "2000.??.??"]
[Source "ChessBase"]
[SourceDate "1996.11.15"]

1. e4 c5 2. c3 d6 3. d4 cxd4 4. Nf3 dxc3 5. Nxc3 a6 6. Bc4 e6 7. Bf4 Be7 8. Qe2
Nf6 9. O-O e5 10. Bg5 O-O 11. Rfd1 b5 12. Bb3 Bb7 13. Nxe5 Qa5 14. Bxf6 Bxf6
15. Nxf7 Rxf7 16. Bxf7+ Kxf7 17. Qh5+ Ke7 18. Qxh7 Nd7 19. Rac1 Rf8 20. g3 Rf7
21. Nd5+ Ke8 22. Qg8+ Nf8 23. Nxf6+ Rxf6 24. Qxg7 Rf7 25. Qd4 Rd7 26. a3 Qd8
27. Re1 Ne6 28. Qh8+ Nf8 29. Qh5+ Rf7 30. e5 1-0

[Event "Plzen, FSB A"]
[Site "?"]
[Date "2001.??.??"]
[Round "1.1"]
[White "Vokac, M."]
[Black "Siktanc, P."]
[Result "1-0"]
[WhiteElo "2507"]
[BlackElo "2129"]
[PlyCount "115"]
[EventDate "2000.??.??"]
[Source "ChessBase"]
[SourceDate "1996.11.15"]

1. Nf3 Nf6 2. c4 c6 3. d4 d6 4. Nc3 Nbd7 5. Bg5 Qa5 6. Bd2 Qc7 7. Qc2 e5 8. e3
g6 9. Be2 Bg7 10. h3 O-O 11. g4 exd4 12. Nxd4 Nc5 13. g5 Nfd7 14. b4 Ne6 15.
Nxe6 fxe6 16. h4 a5 17. b5 Nc5 18. h5 e5 19. hxg6 Bf5 20. gxh7+ Kh8 21. e4 Bg6
22. Be3 Ne6 23. bxc6 bxc6 24. Bg4 Nd4 25. Qd3 Rab8 26. f4 Rxf4 27. Bxf4 exf4
28. Rb1 Re8 29. Bh5 Bxh5 30. Rxh5 Qf7 31. Rh2 d5 32. cxd5 cxd5 33. Kf1 dxe4 34.
Nxe4 Qg6 35. Rb7 Nf5 36. Qd7 Ng3+ 37. Nxg3 fxg3 38. Re2 Rf8+ 39. Kg2 Qxg5 40.
Re8 Rxe8 41. Qxe8+ Kxh7 42. Qe4+ Kh6 43. Qe6+ Kh7 44. Qh3+ Kg8 45. Rb8+ Kf7 46.
Qd7+ Kg6 47. Rb5 Qf4 48. Qe6+ Kh7 49. Qf5+ Qxf5 50. Rxf5 Bc3 51. Kxg3 Kg6 52.
Rf3 Be1+ 53. Kg2 Kg5 54. Kf1 Bb4 55. Ke2 Kg4 56. a4 Bc5 57. Rf7 Bb4 58. Kd3 1-0

[Event "Plzen, FSB A"]
[Site "?"]
[Date "2001.??.??"]
[Round "1.2"]
[White "Sedlacek, J."]
[Black "Konopka, M."]
[Result "1/2-1/2"]
[WhiteElo "2125"]
[BlackElo "2479"]
[PlyCount "89"]
[EventDate "2000.??.??"]
[Source "ChessBase"]
[SourceDate "1996.11.15"]

1. c4 Nf6 2. Nc3 g6 3. Nf3 Bg7 4. g3 O-O 5. Bg2 d5 6. cxd5 Nxd5 7. O-O Nc6 8.
d4 Nb6 9. d5 Na5 10. Qc2 c6 11. dxc6 Nxc6 12. Rd1 Bf5 13. e4 Bd7 14. a3 Qc8 15.
Bf4 Bg4 16. Nd5 Nxd5 17. exd5 Na5 18. Rac1 Qxc2 19. Rxc2 Rac8 20. Rdc1 Bf5 21.
Rxc8 Rxc8 22. Rxc8+ Bxc8 23. b4 Nc4 24. Bc1 b5 25. Kf1 Bf5 26. Ke2 Kf8 27. Nd2
Nb6 28. Nb3 Nc4 29. Nd2 Nb2 30. Be4 Bg4+ 31. Bf3 Bxf3+ 32. Nxf3 Na4 33. Kd3 Nb6
34. Nd4 a6 35. Nc6 Nxd5 36. Nb8 Nc7 37. Bf4 e5 38. Nd7+ Ke7 39. Nxe5 Nd5 40.
Nc6+ Kd7 41. Nb8+ Kc8 42. Nxa6 Nxf4+ 43. gxf4 Kb7 44. Nc5+ Kc6 45. f3 1/2-1/2

[Event "Plzen, FSB A"]
[Site "?"]
[Date "2001.??.??"]
[Round "1.3"]
[White "Gross, D."]
[Black "Kukacka, M."]
[Result "1-0"]
[WhiteElo "2465"]
[BlackElo "2123"]
[PlyCount "57"]
[EventDate "2000.??.??"]
[Source "ChessBase"]
[SourceDate "1996.11.15"]

1. e4 e5 2. Nf3 Nc6 3. Bb5 a6 4. Ba4 Nf6 5. O-O Bc5 6. c3 Ba7 7. d4 Nxe4 8. Qe2
f5 9. dxe5 O-O 10. Nbd2 d5 11. exd6 Nxd6 12. Bb3+ Kh8 13. Nc4 Nxc4 14. Bxc4 Re8
15. Ng5 Re7 16. Nf7+ Rxf7 17. Bxf7 Qf8 18. Qe8 Qxe8 19. Bxe8 Ne5 20. Ba4 b5 21.
Bc2 Bb7 22. a4 bxa4 23. Rxa4 Bc6 24. Rf4 g6 25. Re1 Re8 26. Be3 Bb6 27. Rb4 a5
28. Rxb6 cxb6 29. Bd4 1-0

[Event "Plzen, FSB A"]
[Site "?"]
[Date "2001.??.??"]
[Round "1.5"]
[White "Tolstich, N."]
[Black "Bujak, M."]
[Result "1-0"]
[WhiteElo "2436"]
[BlackElo "2121"]
[PlyCount "77"]
[EventDate "2000.??.??"]
[Source "ChessBase"]
[SourceDate "1996.11.15"]

1. Nf3 Nf6 2. c4 b6 3. g3 e6 4. Bg2 Bb7 5. O-O Be7 6. Nc3 O-O 7. Re1 d5 8. cxd5
exd5 9. d4 Ne4 10. Bf4 Nd7 11. Qc2 Nxc3 12. Qxc3 c5 13. dxc5 bxc5 14. Qb3 Qb6
15. Ne5 Qxb3 16. axb3 Nxe5 17. Bxe5 Rfd8 18. Ra5 Re8 19. Bc3 Bd8 20. Rxc5 Bb6
21. Rb5 Bc6 22. Rb4 Rac8 23. Rg4 g6 24. e3 f5 25. Rf4 d4 26. exd4 Rxe1+ 27.
Bxe1 Bc7 28. Bxc6 Bxf4 29. Bd5+ Kg7 30. gxf4 Rc1 31. Kf1 Kf6 32. Bc4 Rb1 33. d5
Ke7 34. Ke2 Rxb2+ 35. Ke3 Ra2 36. Bb4+ Kd8 37. d6 Ra1 38. Be6 a5 39. Bc3 1-0

[Event "Plzen, FSB A"]
[Site "?"]
[Date "2001.??.??"]
[Round "1.7"]
[White "Cvek, R."]
[Black "Reitinger, P."]
[Result "1-0"]
[WhiteElo "2411"]
[BlackElo "2119"]
[PlyCount "49"]
[EventDate "2000.??.??"]
[Source "ChessBase"]
[SourceDate "1996.11.15"]

1. c4 e6 2. d4 d5 3. Nc3 dxc4 4. e4 Nf6 5. Bxc4 a6 6. e5 Nd5 7. Nf3 Be7 8. O-O
O-O 9. Qc2 Nxc3 10. bxc3 b5 11. Qe4 c6 12. Bd3 g6 13. Bh6 Re8 14. Qf4 Qc7 15.
h4 Bf8 16. h5 Nd7 17. hxg6 hxg6 18. Qh4 Bb7 19. Bxf8 Nxf8 20. Ng5 c5 21. Be4
Bd5 22. Rae1 cxd4 23. cxd4 Qd8 24. Re3 f6 25. Rh3 1-0

[Event "Plzen, FSB A"]
[Site "?"]
[Date "2001.??.??"]
[Round "1.8"]
[White "Nosek, F."]
[Black "Chytilek, R."]
[Result "0-1"]
[WhiteElo "2117"]
[BlackElo "2411"]
[PlyCount "44"]
[EventDate "2000.??.??"]
[Source "ChessBase"]
[SourceDate "1996.11.15"]

1. e4 c5 2. Nf3 d6 3. d4 cxd4 4. Nxd4 Nf6 5. Nc3 Nc6 6. Be2 g6 7. Be3 Bg7 8.
O-O O-O 9. h3 Nxd4 10. Bxd4 Be6 11. Re1 Qa5 12. a3 Rfc8 13. Bf3 Rc4 14. Ne2 Qg5
15. b3 Rc7 16. Kh2 Qh4 17. Qd3 g5 18. Ng1 g4 19. g3 Qh5 20. Bd1 Qg6 21. h4 d5
22. Bxf6 Qxf6 0-1

[Event "Plzen, FSB A"]
[Site "?"]
[Date "2001.??.??"]
[Round "1.9"]
[White "Vesselovsky, S."]
[Black "Pospisil, E."]
[Result "1-0"]
[WhiteElo "2405"]
[BlackElo "2116"]
[PlyCount "79"]
[EventDate "2000.??.??"]
[Source "ChessBase"]
[SourceDate "1996.11.15"]

1. e4 e6 2. d4 d5 3. Nc3 Nf6 4. Bg5 Be7 5. e5 Nfd7 6. Bxe7 Qxe7 7. f4 a6 8. Nf3
c5 9. Qd2 Nc6 10. dxc5 Nxc5 11. O-O-O b5 12. Ne2 Ne4 13. Qe3 O-O 14. g3 b4 15.
Ned4 Nxd4 16. Nxd4 a5 17. Bd3 Nc5 18. Kb1 Bd7 19. Rhf1 Rfe8 20. Rde1 a4 21. g4
f6 22. exf6 gxf6 23. g5 Kh8 24. Rg1 Rg8 25. Nf5 Qf8 26. Nh6 Nxd3 27. cxd3 Rg6
28. Ng4 b3 29. a3 f5 30. Ne5 Rg7 31. Rc1 Qd6 32. Qd4 Be8 33. Rc3 Kg8 34. Rgc1
Rd8 35. h4 h6 36. gxh6 Rh7 37. Rg1+ Kf8 38. Rg7 Rxh6 39. Qg1 Rh8 40. Qg5 1-0

[Event "Plzen, FSB A"]
[Site "?"]
[Date "2001.??.??"]
[Round "1.10"]
[White "Komarek, D."]
[Black "Simacek, P."]
[Result "0-1"]
[WhiteElo "2111"]
[BlackElo "2404"]
[PlyCount "74"]
[EventDate "2000.??.??"]
[Source "ChessBase"]
[SourceDate "1996.11.15"]

1. d4 Nf6 2. Nf3 c5 3. d5 e6 4. c4 exd5 5. cxd5 d6 6. Nc3 g6 7. Bg5 h6 8. Bxf6
Qxf6 9. e4 Bg7 10. Qa4+ Bd7 11. Bb5 Qe7 12. O-O O-O 13. e5 dxe5 14. Rad1 Bxb5
15. Qxb5 b6 16. Rfe1 Nd7 17. a4 Rad8 18. Nd2 f5 19. Nc4 e4 20. d6 Qh4 21. Nd5
Bd4 22. Re2 Nf6 23. Rxd4 cxd4 24. g3 Qg5 25. Nf4 d3 26. Rd2 Nd7 27. Ne3 Qf6 28.
Ned5 Qxd6 29. Nxg6 Rfe8 30. Ndf4 Ne5 31. Qb3+ Kg7 32. Nxe5 Qxe5 33. Nh5+ Kg6
34. Nf4+ Kg7 35. Nh5+ Kf8 36. Qc4 Qc5 37. Qb3 e3 0-1

[Event "Plzen, FSB A"]
[Site "?"]
[Date "2001.??.??"]
[Round "1.11"]
[White "Cioara, A."]
[Black "Marsalek, L."]
[Result "1-0"]
[WhiteElo "2403"]
[BlackElo "2109"]
[PlyCount "45"]
[EventDate "2000.??.??"]
[Source "ChessBase"]
[SourceDate "1996.11.15"]

1. e4 c5 2. Nf3 d6 3. d4 cxd4 4. Nxd4 Nf6 5. Nc3 Bd7 6. Bc4 e6 7. Be3 a6 8. a4
Nc6 9. f4 Qc7 10. Bb3 Be7 11. O-O O-O 12. Qf3 b6 13. f5 Nxd4 14. Bxd4 Qb7 15.
fxe6 fxe6 16. Qh3 d5 17. e5 Ne8 18. Rxf8+ Bxf8 19. Rf1 h6 20. Qf3 Bc5 21. Bxc5
bxc5 22. Nxd5 Kh8 23. Bc4 1-0

[Event "Plzen, FSB A"]
[Site "?"]
[Date "2001.??.??"]
[Round "1.12"]
[White "Johnsson, T."]
[Black "Gross, S."]
[Result "0-1"]
[WhiteElo "2105"]
[BlackElo "2391"]
[PlyCount "68"]
[EventDate "2000.??.??"]
[Source "ChessBase"]
[SourceDate "1996.11.15"]

1. e4 c5 2. Nf3 e6 3. d3 Nc6 4. g3 d5 5. Nbd2 Nf6 6. Bg2 Be7 7. O-O Qc7 8. Re1
b6 9. Nf1 d4 10. c3 e5 11. h3 O-O 12. c4 Rb8 13. g4 b5 14. cxb5 Rxb5 15. b3 Ne8
16. N1d2 Nd6 17. Nc4 Nxc4 18. bxc4 Rb7 19. Bd2 Bd7 20. Qc2 Nb4 21. Bxb4 cxb4
22. Nd2 a5 23. Reb1 a4 24. Bf3 Rfb8 25. Bd1 Bg5 26. Nf1 g6 27. Qe2 Kg7 28. Rb2
Qc5 29. Qe1 Qe7 30. Rab1 Bf4 31. f3 h5 32. Ng3 hxg4 33. fxg4 Rh8 34. Kg2 Qh4
0-1

[Event "Plzen, FSB A"]
[Site "?"]
[Date "2001.??.??"]
[Round "1.13"]
[White "Dolezal, R."]
[Black "Chalupecky, V."]
[Result "1-0"]
[WhiteElo "2390"]
[BlackElo "2103"]
[PlyCount "151"]
[EventDate "2000.??.??"]
[Source "ChessBase"]
[SourceDate "1996.11.15"]

1. e4 e5 2. Nf3 Nc6 3. Bb5 d6 4. d4 exd4 5. Nxd4 Bd7 6. Nc3 Nxd4 7. Qxd4 Nf6 8.
Bg5 Be7 9. O-O O-O 10. Rfe1 Bxb5 11. Nxb5 h6 12. Bh4 g5 13. Bg3 Nh5 14. c4 Nxg3
15. hxg3 Bf6 16. Qd2 Qe7 17. Rad1 Kg7 18. a4 a6 19. Na3 Qe5 20. Re2 Rfe8 21.
Qc2 c6 22. Rd3 Rad8 23. Qd2 g4 24. Qf4 Qe6 25. Qe3 Bg5 26. Qb6 Rd7 27. f4 gxf3
28. gxf3 c5 29. Kg2 Qg6 30. Qa5 Bf4 31. Qe1 Rde7 32. Kh2 Re5 33. Rg2 Rg5 34.
Qf2 Be5 35. Nc2 Qh5+ 36. Kg1 Qh3 37. f4 Rh5 38. Qf3 Bxb2 39. Rxd6 Kh8 40. Kf2
Qh1 41. Rd1 Qh3 42. Qb3 Bf6 43. e5 Bxe5 44. fxe5 Rhxe5 45. Qc3 f6 46. Re1 Qf5+
47. Kg1 Rxe1+ 48. Nxe1 Kg7 49. Rf2 Qe6 50. Nd3 Qd6 51. Nf4 Qd1+ 52. Rf1 Qd4+
53. Qxd4 cxd4 54. Rd1 Re4 55. Rxd4 Re1+ 56. Kg2 Rb1 57. Rd7+ Kg8 58. c5 Rb4 59.
Nd5 Rxa4 60. Nxf6+ Kf8 61. Rxb7 Rc4 62. Ra7 h5 63. Rxa6 Kf7 64. Nxh5 Rxc5 65.
Nf4 Rb5 66. Kh3 Kg7 67. g4 Kh7 68. Kh4 Rb4 69. Nh5 Rc4 70. Ng3 Rb4 71. Kh5 Rb5+
72. g5 Rb1 73. Ra7+ Kg8 74. g6 Rb8 75. Kh6 Kh8 76. Nh5 1-0

[Event "Plzen, FSB A"]
[Site "?"]
[Date "2001.??.??"]
[Round "1.14"]
[White "Skacel, J."]
[Black "Nun, J."]
[Result "0-1"]
[WhiteElo "2095"]
[BlackElo "2389"]
[PlyCount "90"]
[EventDate "2000.??.??"]
[Source "ChessBase"]
[SourceDate "1996.11.15"]

1. d4 Nf6 2. c4 c5 3. dxc5 e6 4. e3 Bxc5 5. Nc3 O-O 6. Nf3 d5 7. a3 a5 8. cxd5
exd5 9. Be2 Nc6 10. O-O Be6 11. Nb5 Ne4 12. Nfd4 Qe7 13. Bd2 Bb6 14. Rc1 Rfc8
15. Bc3 Nxc3 16. Rxc3 Ne5 17. Nf3 Nc4 18. Qb1 Bd7 19. Nbd4 Bxd4 20. Nxd4 Nd2
21. Qd3 Nxf1 22. Bxf1 Qd6 23. h3 Rxc3 24. Qxc3 b6 25. Qb3 Rc8 26. Ne2 Be6 27.
Qd1 b5 28. Nd4 b4 29. Qa4 bxa3 30. bxa3 Qb6 31. g4 Kf8 32. Kg2 Rc7 33. Bd3 Bd7
34. Qd1 g6 35. Qf3 Qd6 36. Bb5 Bc8 37. a4 Bb7 38. Qd1 Qb4 39. Qf3 Kg7 40. Qf4
Qe7 41. g5 Rc1 42. Kh2 Rb1 43. h4 Bc8 44. Nc6 Qe6 45. Qd4+ Kg8 0-1

[Event "Plzen, FSB A"]
[Site "?"]
[Date "2001.??.??"]
[Round "1.15"]
[White "Michalek, J."]
[Black "Hajek, J."]
[Result "1-0"]
[WhiteElo "2365"]
[BlackElo "2094"]
[PlyCount "49"]
[EventDate "2000.??.??"]
[Source "ChessBase"]
[SourceDate "1996.11.15"]

1. Nf3 Nf6 2. c4 c5 3. Nc3 g6 4. e4 d6 5. d4 cxd4 6. Nxd4 Bg7 7. Be2 Nc6 8. Be3
O-O 9. O-O Nxd4 10. Bxd4 Bd7 11. f3 Bc6 12. b4 b6 13. Qd2 Qd7 14. a4 Rfc8 15.
a5 Rab8 16. axb6 axb6 17. Ra6 Qd8 18. Rfa1 Nd7 19. Nd5 Bxd5 20. cxd5 Ra8 21.
Bxg7 Rxa6 22. Bxa6 Kxg7 23. Bxc8 Qxc8 24. Rc1 Qd8 25. Qc3+ 1-0

[Event "Plzen, FSB A"]
[Site "?"]
[Date "2001.??.??"]
[Round "1.16"]
[White "Priborsky, I."]
[Black "Chudinovskich, A."]
[Result "0-1"]
[WhiteElo "2084"]
[BlackElo "2362"]
[PlyCount "78"]
[EventDate "2000.??.??"]
[Source "ChessBase"]
[SourceDate "1996.11.15"]

1. e4 e5 2. Nf3 Nc6 3. Bc4 Nf6 4. d4 exd4 5. O-O d6 6. Nxd4 Be7 7. Nc3 O-O 8.
f3 Re8 9. Be3 Bf8 10. Bf2 g6 11. Qd2 Bg7 12. Rad1 Bd7 13. Rfe1 a6 14. Nd5 h6
15. Nxc6 bxc6 16. Nxf6+ Qxf6 17. c3 g5 18. e5 Rxe5 19. Bd4 Rxe1+ 20. Rxe1 Qd8
21. Bxg7 Kxg7 22. Qe2 a5 23. Qe7 Qe8 24. h4 d5 25. hxg5 Qxe7 26. Rxe7 Rd8 27.
gxh6+ Kf6 28. Rxd7 Rxd7 29. Bd3 Rd8 30. h7 Kg7 31. Kf2 a4 32. Bc2 Rb8 33. b4 a3
34. Ba4 c5 35. Bc6 d4 36. bxc5 dxc3 37. Ke3 Rb2 38. Bd5 Rxg2 39. Kd3 c2 0-1

[Event "Plzen, FSB A"]
[Site "?"]
[Date "2001.??.??"]
[Round "1.17"]
[White "Lys, J."]
[Black "Pokrupa, M."]
[Result "1-0"]
[WhiteElo "2353"]
[BlackElo "2075"]
[PlyCount "81"]
[EventDate "2000.??.??"]
[Source "ChessBase"]
[SourceDate "1996.11.15"]

1. d4 Nf6 2. Nf3 g6 3. g3 Bg7 4. Bg2 O-O 5. O-O d6 6. c4 Nbd7 7. Nc3 e5 8. dxe5
Nxe5 9. Nxe5 dxe5 10. b3 Qe7 11. a4 Rd8 12. Qc2 c6 13. a5 Bf5 14. Qa2 e4 15.
Ba3 Qe5 16. Qb2 Ng4 17. Rac1 Qxa5 18. h3 Nh6 19. e3 Rd3 20. b4 Qe5 21. Na4 Qxb2
22. Bxb2 Bxb2 23. Nxb2 Rb3 24. Na4 Rxb4 25. Nc5 Re8 26. Rb1 Rxb1 27. Rxb1 b6
28. Nb7 Re7 29. Nd6 Rd7 30. c5 bxc5 31. Rb8+ Kg7 32. Ne8+ Kf8 33. Nf6+ Ke7 34.
Nxd7 Kxd7 35. g4 Kc7 36. Rh8 c4 37. gxf5 Nxf5 38. Kf1 Kb7 39. Ke2 a5 40. Kd2 a4
41. Bf1 1-0

[Event "Plzen, FSB A"]
[Site "?"]
[Date "2001.??.??"]
[Round "1.18"]
[White "Hercik, J."]
[Black "Freisler, P."]
[Result "0-1"]
[WhiteElo "2065"]
[BlackElo "2350"]
[PlyCount "64"]
[EventDate "2000.??.??"]
[Source "ChessBase"]
[SourceDate "1996.11.15"]

1. e4 Nf6 2. e5 Nd5 3. c4 Nb6 4. d4 d6 5. exd6 exd6 6. Bd3 Nc6 7. Be3 g6 8. Nc3
Bg7 9. Nge2 O-O 10. a3 d5 11. c5 Nc4 12. Bxc4 dxc4 13. O-O Bf5 14. Re1 Re8 15.
Qa4 Qh4 16. Nd5 Rad8 17. Nxc7 Re7 18. Nb5 Bd3 19. Nf4 a6 20. Nd6 Nxd4 21. Nxd3
cxd3 22. Qa5 Rdd7 23. Bxd4 Bxd4 24. Rxe7 Bxf2+ 25. Kf1 Rxe7 26. Qd8+ Kg7 27.
Ne8+ Rxe8 28. Qxe8 Bd4 29. g3 Qxh2 30. Ke1 Qf2+ 31. Kd1 Qc2+ 32. Ke1 d2+ 0-1

[Event "Plzen, FSB A"]
[Site "?"]
[Date "2001.??.??"]
[Round "1.19"]
[White "Krapivin, V."]
[Black "Houska, J."]
[Result "1-0"]
[WhiteElo "2339"]
[BlackElo "2060"]
[PlyCount "67"]
[EventDate "2000.??.??"]
[Source "ChessBase"]
[SourceDate "1996.11.15"]

1. e4 e6 2. d4 d5 3. e5 c5 4. c3 Qb6 5. Nf3 Bd7 6. a3 a5 7. Bd3 Bb5 8. Bxb5+
Qxb5 9. a4 Qb6 10. O-O Nc6 11. Na3 cxd4 12. cxd4 Nge7 13. Nb5 Nf5 14. g4 Nh6
15. h3 f6 16. Bxh6 gxh6 17. exf6 Rg8 18. Qe2 Kf7 19. Rfe1 Re8 20. Ne5+ Nxe5 21.
dxe5 Rc8 22. Kg2 h5 23. f3 Bb4 24. Rec1 Rc6 25. Qd3 Rg6 26. Nd4 hxg4 27. hxg4
Rc4 28. Rxc4 dxc4 29. Qxc4 h5 30. Rc1 hxg4 31. Qc7+ Qxc7 32. Rxc7+ Ke8 33. Nxe6
gxf3+ 34. Kxf3 1-0

[Event "Plzen, FSB A"]
[Site "?"]
[Date "2001.??.??"]
[Round "1.20"]
[White "Papay, J."]
[Black "Rodkin, R."]
[Result "0-1"]
[WhiteElo "2058"]
[BlackElo "2314"]
[PlyCount "90"]
[EventDate "2000.??.??"]
[Source "ChessBase"]
[SourceDate "1996.11.15"]

1. e4 c5 2. Nf3 e6 3. d4 cxd4 4. Nxd4 a6 5. Nc3 Nc6 6. Be3 Nf6 7. Be2 Bb4 8. f3
d5 9. O-O e5 10. Nxc6 bxc6 11. Na4 O-O 12. c3 Be7 13. Qc2 Be6 14. Rad1 Nd7 15.
Bd3 g6 16. f4 exf4 17. Bxf4 a5 18. b3 Nb6 19. Nxb6 Qxb6+ 20. Kh1 a4 21. b4 d4
22. Qf2 c5 23. cxd4 cxd4 24. a3 Bb3 25. Rd2 Rfd8 26. Be5 Bg5 27. Rc2 Be3 28.
Qf3 Qe6 29. Rc5 Rdc8 30. Qg3 Rxc5 31. bxc5 Re8 32. Bd6 Bc4 33. Bxc4 Qxc4 34.
Qf3 Rxe4 35. c6 f5 36. c7 d3 37. Rb1 Bb6 38. c8=Q+ Qxc8 39. Qxd3 Qe6 40. Bg3 f4
41. h3 fxg3 42. Qxg3 Bc5 43. Qb8+ Kg7 44. Rf1 Bxa3 45. Qc7+ Be7 0-1

[Event "Plzen, FSB A"]
[Site "?"]
[Date "2001.??.??"]
[Round "1.21"]
[White "Trickov, V."]
[Black "Vladyka, V."]
[Result "1-0"]
[WhiteElo "2313"]
[BlackElo "2057"]
[PlyCount "73"]
[EventDate "2000.??.??"]
[Source "ChessBase"]
[SourceDate "1996.11.15"]

1. e4 c5 2. Nf3 d6 3. d4 cxd4 4. Nxd4 Nf6 5. Nc3 a6 6. Bg5 e6 7. f4 Be7 8. Qf3
Qc7 9. O-O-O Nbd7 10. g4 b5 11. Bxf6 gxf6 12. Bd3 Bb7 13. Kb1 O-O-O 14. h4 Kb8
15. g5 f5 16. Qh5 b4 17. Qxf7 Nc5 18. Nd5 exd5 19. exf5 Rdf8 20. Qh5 Bc8 21. f6
Bxf6 22. gxf6 Rxf6 23. Rhf1 Qb7 24. f5 Ne4 25. Rf4 Rg8 26. Qe2 Re8 27. Qf3 Re5
28. Kc1 Qb6 29. Bxe4 dxe4 30. Qe3 Qb7 31. Rg1 d5 32. Rg8 Qa7 33. Rfg4 Re7 34.
Rd8 Rd7 35. Re8 Re7 36. Qf4+ Qc7 37. Rxe7 1-0